000 00950nam a2200265 a 4500
001 70030
003 BD-RjUL
005 20211209081945.0
008 170415t19661965gw b 000 0 ger
035 _a(BD-RjUL)70242
040 _aDLC/ICU
_cICU
_dBD-RjUL
_beng
041 _aeng
082 0 0 _a512
_223
_bBRJ 1966
100 1 _aBraun, Hel.
_9207410
245 1 0 _aJordan-Algebren /
_cHel Braun and Max Koecher.
260 _aBerlin,
_aNew York :
_bSpringer-Verlag,
_cc1966.
300 _axiv, 357 p. ;
_c24 cm.
490 1 _aDie Grundlehren der mathematischen wissenschaften in Einzeldarstellungen,
_vBd. 128
504 _aBibliography: p. [338]-352.
650 0 _aJordan algebras.
_9207411
700 1 _aKoecher, Max,
_ejoint author.
_9207412
830 0 _aGrundlehren der mathematischen Wissenschaften in Einzeldarstellungen mit besonderer Berücksichtigung der Anwendungsgebiete ;
_vBd. 128.
_9151001
942 _2ddc
_cBK
999 _c70030
_d70030